000 00872nam a2200265 a 4500
003 AR-RoUNCS
005 20251127110806.0
008 240716s1994 xxuao grc 001 0 spa
020 _a2-85495-186-7
040 _aAR-BaBN
_bspa
_cAR-BaBN
_eaacr
041 1 _aeng
_hfre
043 _ae-fr---
080 1 _a7.036:069
_22016
100 1 _aBayle, Françoise,
_eautor
245 1 0 _aEntender la pintura en Orsay /
_cFrançoise Bayle.
260 _aS. l. :
_bArtlys,
_c©2001.
300 _a224 p. :
_bil. col., fot. ;
_c24 cm.
500 _aIncluye índices al final de la obra.
610 2 4 _aMuseo d'Orsay (París)
_vCatálogos
650 4 _aArte moderno
_ySiglo XIX
_vCatálogos y colecciones
650 4 _aArte
_ySiglo XX
_vCatálogos y colecciones
650 4 _aArte
_zParís (Francia)
_vCatálogos y colecciones
655 4 _aCatálogos y colecciones
942 _2udc
_cOG
_n0
999 _c791
_d791